Statistiques concernant 15 pays au hasard

Cliquez ici pour prendre le quiz!

Statistiques générales

  • Ce quiz a été pris 1 018 fois
  • Le résultat moyen est 4 sur 15

Statistiques - réponses

Pays% Correct
3Canada
78%
5Espagne
66%
10Finlande
35%
15Corée du Sud
34%
8Nouvelle-Zélande
26%
2Angola
24%
1Jamaïque
23%
6Venezuela
22%
9Autriche
21%
4Fidji
19%
12Laos
18%
11Pakistan
16%
14Togo
12%
13Zambie
8%
7Cap Vert
5%

Distribution des résultats

Percentile par nombre de réponses

% des personnes avec chaque résultat

Votre développement - résultats

Vous n’avez pas pris ce quiz